Most Violent Cities by State - Statistics

General Stats
  • This quiz has been taken 81 times
    65 since last reset
  • The average score is 25 of 43
Answer Stats
State City % Correct
Hawaii Honolulu
91%
Michigan Detroit
86%
Idaho Boise
84%
Louisiana New Orleans
81%
Georgia Atlanta
78%
Maryland Baltimore
78%
Tennessee Memphis
74%
Pennsylvania Philadelphia
74%
Missouri St Louis
74%
Alaska Anchorage
72%
Iowa Des Moines
72%
New Mexico Albuquerque
71%
Ohio Cleveland
71%
Rhode Island Providence
71%
Utah Salt Lake City
71%
Alabama Birmingham
69%
Mississippi Jackson
69%
Wisconsin Milwaukee
69%
New York Buffalo
67%
Massachusetts Springfield
67%
Arizona Tucson
64%
Nebraska Lincoln
62%
Kentucky Louisville
62%
New Jersey Newark
62%
Montana Billings
60%
Oklahoma Tulsa
60%
Kansas Wichita
60%
North Dakota Fargo
59%
Connecticut Hartford
57%
South Dakota Sioux Falls
52%
Florida Tallahassee
52%
North Carolina Durham
47%
New Hampshire Manchester
47%
Oregon Eugene
45%
Virginia Norfolk
43%
Nevada North Las Vegas
38%
Indiana South Bend
38%
Washington Tacoma
36%
California Stockton
29%
Illinois Rockford
28%
South Carolina North Charleston
19%
Colorado Pueblo
17%
Texas Odessa
9%
No matching quizzes found
Score Distribution
Percent of People with Each Score
Percentile by Number Answered
Your Score History
You have not taken this quiz since the last reset